Sports Quiz

Random Sports or Letter Quiz

Sort the 'P' Teams Quiz Stats

 Plays Quiz Updated Nov 15, 2017

Also try: Sort the 'R' Teams
Challenge
Share
Tweet
Embed
Score 0/12 Timer 01:00
4 Plays Today
Question Answer Wrong Answers
New England Patriots NFL
96.7%
MLB
0.6%
NBA
0.5%
NHL
0.3%
Green Bay Packers NFL
96.6%
MLB
0.6%
NBA
0.6%
NHL
0.3%
Pittsburgh Penguins NHL
95.2%
MLB
1.5%
NBA
0.7%
NFL
0.8%
Indiana Pacers NBA
94.5%
MLB
1.8%
NFL
0.8%
NHL
1.1%
Detroit Pistons NBA
94.1%
MLB
1.7%
NFL
0.8%
NHL
1.5%
Carolina Panthers NFL
93.6%
MLB
1%
NBA
1.2%
NHL
2.2%
San Diego Padres MLB
93.3%
NBA
1.5%
NFL
1.2%
NHL
2%
Philadelphia Phillies MLB
92.1%
NBA
2.5%
NFL
1.3%
NHL
2.3%
Pittsburgh Pirates MLB
90.7%
NBA
1.3%
NFL
2.1%
NHL
4.1%
Nashville Predators NHL
89.9%
MLB
2.5%
NBA
4.4%
NFL
1.2%
New Orleans Pelicans NBA
84.4%
MLB
2.6%
NFL
0.9%
NHL
10.1%
Florida Panthers NHL
80.6%
MLB
3.9%
NBA
3%
NFL
10.7%

You're not logged in!

Compare scores with friends on all Sporcle quizzes.
OR
Log In

You Might Also Like...

Show Comments

Extras

Top Quizzes Today


Score Distribution

Your Account Isn't Verified!

In order to create a playlist on Sporcle, you need to verify the email address you used during registration. Go to your Sporcle Settings to finish the process.

Report this User

Report this user for behavior that violates our Community Guidelines.

Details: